000
00289nam a22001337a 4500
008
170401b xxu||||| |||| 00| 0 eng d
020
_a
42740
041
_a
eng
080
_a
574
100
_a
9
101
_a
SHM
245
_a
COMMUNITIES AND ECOSYSTEMS
_c
WHITTAKER, R.H
942
_2
udc
_c
BK
999
_c
9445
_d
9445